000 01054nam a2200289Ia 4500
003 OSt
005 20221007125354.0
006 a|||||r|||| 00| 0
007 ta
008 221006b |||||||| |||| 00| 0 eng d
020 _a3540430245 (hbd)
_cEuro 79.95
024 _a9968
037 _bOverseas,
_cTextual
040 _aCDL
_cCDL
_beng
041 _2eng
_aeng
082 _aE:21, P2
100 _aLi Jie Jack
_9718001
245 0 _aName reactions: a collection of detailed reaction mechanisms by Jie Jack Li
260 _aBerlin
_bSpringer-Verlag
_c2002
300 _axviii, 416p
_ccm.
500 _aIncludes bibliographical references; Index 409-416p; ^n23/CSL/CARC/2002-2003/374^d2002-09-25^mPurchase; ; 2002-03/287^b2002-10-18^c2337^d2002-10-07^eRs.3,439.00^fOverseas Press (India)Pvt. Ltd.; ; 2003-01-22^bSB^c2003-10-04^dJindal
650 _a Name reactions
_9718002
650 _a Reaction Mechanisms
650 _aChemistry
942 _hE:21, P2
_cTEXL
_2CC
999 _c1215160
_d1215160